000 00784nmm a2200301 a 4500
003 AR-BaBNM
005 20251128211346.0
008 164020s1998 ||||||||||||||000 | spa||
020 _a950-581-655-3
040 _cAR-BaBNM
100 1 _aBarrera, Rosita
245 1 0 _aEl folclore en la educación
250 _a2ª ed.
260 _aBuenos Aires
_bEdiciones Colihue
_c1998
300 _a366 p.
_bil, gráfs.
504 _aContiene referencias bibliográficas p. 361-366
650 4 _aFOLKLORE
650 4 _aCOSTUMBRES Y TRADICIONES
650 4 _aMUSICA FOLKLORICA
650 4 _aDANZAS FOLKLORICAS
650 4 _aARTESANIAS
650 4 _aVESTIMENTA
650 4 _aCEREMONIAS
651 4 _aArgentina
653 _aACTOS ESCOLARES
942 _cBK
998 _craquel
999 _c19324
_d19324